[Event "EU-Cup Online Gr-F"]
[Site "Tornelo INT"]
[Date "2021.03.27"]
[Round "3.4"]
[White "Hamdouchi, Hicham"]
[Black "Meribanov, Vitaly"]
[Result "1-0"]
[WhiteElo "2561"]
[BlackElo "2406"]
[PlyCount "53"]
[EventDate "2021.03.27"]
[EventType "team-tourn (rapid)"]
[EventRounds "9"]
[EventCountry "NET"]
[SourceTitle "CBM 201 Extra"]
[Source "ChessBase"]
[SourceDate "2021.05.31"]
[SourceVersion "1"]
[SourceVersionDate "2021.05.31"]
[SourceQuality "1"]
[WhiteTeam "Clichy Echecs 92"]
[BlackTeam "Svetlana"]
[WhiteTeamCountry "FRA"]
[BlackTeamCountry "BLR"]

1. e4 c5 2. Nc3 Nc6 3. Bb5 Nd4 4. Nf3 Nxb5 5. Nxb5 a6 6. Nc3 e6 7. 0-0 Be7 8. d4 cxd4 9. Qxd4 d6 10. Qxg7 Bf6 11. Qg3 Ne7 12. Qf4 Ng6 13. Qh6 b5 14. Bg5 Bb7 15. a3 Rc8 16. Rfe1 Rc5 17. h4 a5 18. Re2 Rg8 19. Rd1 b4 20. Na4 Rc4 21. axb4 Rxe4 22. Red2 Bxg5 23. hxg5 Rxb4 24. Rxd6 Qc7 25. Qh2 Rxa4 26. Rxe6+ fxe6 27. Qxc7 1-0

[Event "Minsk Bronstein Memorial op"]
[Site "Minsk"]
[Date "2020.02.23"]
[Round "10"]
[White "Meribanov, Vitaly"]
[Black "Kramich, Alyaksej"]
[Result "1-0"]
[WhiteElo "2408"]
[BlackElo "1994"]
[PlyCount "53"]
[EventDate "2020.02.22"]
[EventType "swiss (rapid)"]
[EventRounds "10"]
[EventCountry "BLR"]
[SourceTitle "CBM 195 Extra"]
[Source "ChessBase"]
[SourceDate "2020.05.31"]
[SourceVersion "1"]
[SourceVersionDate "2020.05.31"]
[SourceQuality "1"]

1. e4 e5 2. Nf3 Nc6 3. Bb5 f5 4. d3 fxe4 5. dxe4 Nf6 6. Qd3 d6 7. Nc3 Bg4 8. Nd5 a6 9. Ba4 b5 10. Bb3 Bxf3 11. Qxf3 Nd4 12. Qd3 c6 13. Nxf6+ Qxf6 14. Be3 g6 15. 0-0 0-0-0 16. a4 Kb7 17. axb5 axb5 18. c4 b4 19. c5 dxc5 20. Qa6+ Kc7 21. Qa7+ Kd6 22. f4 Rd7 23. fxe5+ Qxe5 24. Qb8+ Rc7 25. Qd8+ Rd7 26. Rf6+ Ne6 27. Qb8+ 1-0

[Event "Minsk Bronstein Memorial op"]
[Site "Minsk"]
[Date "2020.02.23"]
[Round "8"]
[White "Siniauski, Artsiom"]
[Black "Meribanov, Vitaly"]
[Result "1/2-1/2"]
[WhiteElo "2265"]
[BlackElo "2408"]
[PlyCount "282"]
[EventDate "2020.02.22"]
[EventType "swiss (rapid)"]
[EventRounds "10"]
[EventCountry "BLR"]
[SourceTitle "CBM 195 Extra"]
[Source "ChessBase"]
[SourceDate "2020.05.31"]
[SourceVersion "1"]
[SourceVersionDate "2020.05.31"]
[SourceQuality "1"]

1. e4 c5 2. Nf3 e6 3. c4 Nc6 4. Nc3 Nf6 5. Be2 Be7 6. d4 cxd4 7. Nxd4 d6 8. 0-0 0-0 9. Be3 Bd7 10. f3 Nxd4 11. Bxd4 b6 12. Rc1 Rc8 13. Qe1 Bc6 14. Qf2 Nd7 15. Rfd1 Qc7 16. Qg3 g6 17. Rc2 Rfd8 18. Rcd2 a6 19. Be3 Nf6 20. Bg5 Nh5 21. Qh4 Bxg5 22. Qxg5 Ng7 23. e5 Ne8 24. exd6 Rxd6 25. Rxd6 Nxd6 26. c5 Nb5 27. Bxb5 axb5 28. b4 bxc5 29. Qxc5 Qb7 30. Qe3 Qe7 31. Qd4 h5 32. a4 bxa4 33. b5 Bb7 34. Nxa4 Qg5 35. Qd7 Rc1 36. Rxc1 Qxc1+ 37. Kf2 Qc2+ 38. Kg3 h4+ 39. Kh3 Qf5+ 40. Kxh4 Bxf3 41. gxf3 Qf4+ 42. Kh3 Qxf3+ 43. Kh4 Qf4+ 44. Kh3 Qf3+ 45. Kh4 Qe4+ 46. Kg3 Qxa4 47. Qd8+ Kg7 48. b6 e5 49. Qc7 Qf4+ 50. Kg2 Qd2+ 51. Kg3 Qe3+ 52. Kg2 Qe2+ 53. Kg1 Qg4+ 54. Kf2 Qd4+ 55. Ke2 Qb2+ 56. Kd3 Qd4+ 57. Kc2 Qa4+ 58. Kc3 Qd4+ 59. Kb3 Qe3+ 60. Kb4 Qd4+ 61. Kb5 Qb2+ 62. Kc6 Qc3+ 63. Kd7 Qh3+ 64. Kd8 Qh8+ 65. Ke7 Qh4+ 66. Kd6 Qd4+ 67. Kc6 Qe4+ 68. Kd7 Qg4+ 69. Kd8 Qh4+ 70. Kc8 Qh3+ 71. Qd7 Qc3+ 72. Kd8 e4 73. b7 e3 74. b8Q e2 75. Qf4 Qa5+ 76. Kc8 Qa8+ 77. Kc7 Qa7+ 78. Kd8 Qxd7+ 79. Kxd7 e1Q 80. Kd6 Qe6+ 81. Kc5 f5 82. Kd4 Qf6+ 83. Ke3 g5 84. Qc7+ Kg6 85. Kf3 Qe6 86. Qb8 g4+ 87. Kf2 Kg5 88. Qd8+ Qf6 89. Qg8+ Kf4 90. Qc4+ Kg5 91. Qg8+ Kh6 92. Kf1 Qa1+ 93. Kf2 Qb2+ 94. Kf1 Qc1+ 95. Kf2 Qd2+ 96. Kf1 Qd1+ 97. Kf2 Qf3+ 98. Kg1 Qe3+ 99. Kf1 Kh5 100. Qf7+ Kg5 101. Qg7+ Kf4 102. Qc7+ Kf3 103. Qc6+ Qe4 104. Qc3+ Kf4 105. Kf2 Kg5 106. Qg7+ Kh5 107. Qh7+ Kg5 108. Qg7+ Kf4 109. Qh6+ Ke5 110. Qg7+ Kd5 111. Qd7+ Kc5 112. Qc7+ Kd4 113. Qb6+ Kc3 114. Qc5+ Kd3 115. Qb5+ Kd2 116. Qa5+ Kd1 117. Qa1+ Kc2 118. Qa2+ Kc3 119. Qa3+ Kc4 120. Qa4+ Kd5 121. Qb5+ Kd6 122. Qb6+ Qc6 123. Qb8+ Ke6 124. Qg8+ Ke5 125. Qb8+ Qd6 126. Qe8+ Qe6 127. Qb8+ Kf6 128. Qf8+ Kg6 129. Qb8 Qa2+ 130. Kg3 Qa3+ 131. Kg2 Qf3+ 132. Kg1 Qe3+ 133. Kf1 f4 134. Qg8+ Kf5 135. Qh7+ Ke5 136. Qe7+ Kf5 137. Qh7+ Ke5 138. Qe7+ Kd4 139. Qd7+ Ke4 140. Qxg4 Qc1+ 141. Kf2 Qe3+ 1/2-1/2

[Event "BLR-chB"]
[Site "Minsk"]
[Date "2020.01.29"]
[Round "4"]
[White "Siniauski, Artsiom"]
[Black "Meribanov, Vitaly"]
[Result "1-0"]
[WhiteElo "2265"]
[BlackElo "2417"]
[PlyCount "113"]
[EventDate "2020.01.26"]
[EventType "swiss"]
[EventRounds "9"]
[EventCountry "BLR"]
[SourceTitle "CBM 194 Extra"]
[Source "ChessBase"]
[SourceDate "2020.03.31"]
[SourceVersion "1"]
[SourceVersionDate "2020.03.31"]
[SourceQuality "1"]

1. e4 c5 2. Nf3 g6 3. d4 cxd4 4. Qxd4 Nf6 5. Nc3 Nc6 6. Qa4 d6 7. e5 dxe5 8. Nxe5 Qd4 9. Nxc6 Qxa4 10. Nxa4 bxc6 11. Be3 Bg7 12. 0-0-0 0-0 13. Bc4 Nd5 14. Bc5 Be6 15. Bb3 Bf6 16. Bd4 Bg5+ 17. Kb1 h5 18. h4 Bh6 19. Rhe1 Rfe8 20. c4 Bf5+ 21. Bc2 Nf4 22. Be3 Kg7 23. g3 Ne6 24. Bxh6+ Kxh6 25. Bxf5 gxf5 26. Re5 Kg6 27. Nc5 Nf8 28. Nd3 Ne6 29. Nc5 Nf8 30. Nd3 Ne6 31. Ra5 Red8 32. Ne5+ Kf6 33. Rxd8 Nxd8 34. f4 Ke6 35. Nf3 Kf6 36. Nd4 e6 37. Ra6 c5 38. Nb5 Nb7 39. Rxa7 Rxa7 40. Nxa7 Nd6 41. Nc6 Nxc4 42. a4 Kg7 43. a5 Kf8 44. b3 Na3+ 45. Kb2 Nb5 46. a6 Nc7 47. a7 Ke8 48. Kc3 Kd7 49. Ne5+ Kd6 50. Nxf7+ Kd5 51. Kd3 Na8 52. Ne5 Nb6 53. Nd7 Na8 54. Nf6+ Kd6 55. Nxh5 Ke7 56. Kc4 Kf7 57. Kxc5 1-0

[Event "European Corporate 2nd"]
[Site "Minsk"]
[Date "2019.08.31"]
[Round "5.2"]
[White "Kocheev, Aleksandr"]
[Black "Meribanov, Vitaly"]
[Result "1/2-1/2"]
[WhiteElo "2315"]
[BlackElo "2410"]
[PlyCount "88"]
[EventDate "2019.08.30"]
[EventType "team-swiss"]
[EventRounds "9"]
[EventCountry "BLR"]
[SourceTitle "EXT 2020"]
[Source "ChessBase"]
[SourceDate "2019.10.17"]
[SourceVersion "1"]
[SourceVersionDate "2019.10.17"]
[SourceQuality "1"]
[WhiteTeam "Belaruskali"]
[BlackTeam "Naftan"]
[WhiteTeamCountry "BLR"]
[BlackTeamCountry "BLR"]

1. e4 c5 2. Be2 Nc6 3. f4 g6 4. Nf3 Bg7 5. d3 d6 6. 0-0 Nf6 7. c3 0-0 8. Kh1 b5 9. a3 a5 10. Be3 Rb8 11. Nbd2 b4 12. axb4 axb4 13. d4 bxc3 14. bxc3 d5 15. e5 Ng4 16. Bg1 c4 17. Rb1 Bd7 18. h3 Nh6 19. g4 f5 20. exf6 exf6 21. Re1 Nf7 22. Bf1 Qa5 23. Qc2 Nd6 24. Ra1 Qc7 25. Bh2 f5 26. g5 Ne4 27. Ne5 Be6 28. Nxe4 dxe4 29. Nxc4 Rfc8 30. Rac1 Kh8 31. Ne3 Bb3 32. Qd2 Ra8 33. Ra1 Na5 34. Rac1 Bf7 35. Qf2 Nb3 36. Rc2 Na1 37. Rcc1 Nb3 38. Rc2 Na1 39. Rcc1 Ra2 40. Re2 Rxe2 41. Qxe2 Nb3 42. Rc2 Na1 43. Rc1 Nb3 44. Rc2 Na1 1/2-1/2

[Event "European Corporate 2nd"]
[Site "Minsk"]
[Date "2019.08.30"]
[Round "1.5"]
[White "Meribanov, Vitaly"]
[Black "Teper, Yuri"]
[Result "1-0"]
[WhiteElo "2410"]
[BlackElo "2155"]
[PlyCount "107"]
[EventDate "2019.08.30"]
[EventType "team-swiss"]
[EventRounds "9"]
[EventCountry "BLR"]
[SourceTitle "EXT 2020"]
[Source "ChessBase"]
[SourceDate "2019.10.17"]
[SourceVersion "1"]
[SourceVersionDate "2019.10.17"]
[SourceQuality "1"]
[WhiteTeam "Naftan"]
[BlackTeam "BGPU"]
[WhiteTeamCountry "BLR"]
[BlackTeamCountry "BLR"]

1. e4 c5 2. Nf3 Nc6 3. Nc3 g6 4. Bb5 Bg7 5. 0-0 Nf6 6. e5 Ng4 7. Bxc6 dxc6 8. Qe2 0-0 9. d3 f6 10. Bf4 fxe5 11. Bg3 Nf6 12. Nxe5 Nd5 13. Nxd5 Qxd5 14. Rfe1 Bf5 15. a4 a6 16. Nc4 Qd4 17. Qxe7 b5 18. axb5 cxb5 19. Nd6 Qxb2 20. Nxf5 gxf5 21. Qe6+ Kh8 22. Rxa6 Rxa6 23. Qxa6 Qxc2 24. Qxb5 Qd2 25. Rf1 f4 26. Bh4 f3 27. Qxc5 fxg2 28. Kxg2 Qxd3 29. Bg3 Qe4+ 30. Kg1 h6 31. Rd1 Qf3 32. Qd5 Qf6 33. Qe4 Qf7 34. Kg2 Re8 35. Qd5 Qf6 36. Qd7 Rf8 37. Qb7 Qf5 38. Rd7 Qf6 39. Re7 Qg6 40. Qe4 Qf6 41. h4 Rg8 42. Qe6 Qxe6 43. Rxe6 Rf8 44. Kh3 Rf7 45. Kg4 Rf6 46. Rxf6 Bxf6 47. Kf5 Bd4 48. Kg6 Kg8 49. f4 Bg7 50. f5 Bf8 51. f6 Bc5 52. f7+ Kf8 53. Bf4 Ke7 54. Bxh6 1-0

[Event "BLR-ch"]
[Site "Minsk"]
[Date "2019.06.07"]
[Round "9"]
[White "Meribanov, Vitaly"]
[Black "Lazavik, Denis"]
[Result "1/2-1/2"]
[WhiteElo "2405"]
[BlackElo "2300"]
[PlyCount "99"]
[EventDate "2019.05.30"]
[EventType "tourn"]
[EventRounds "9"]
[EventCountry "BLR"]
[EventCategory "8"]
[SourceTitle "CBM 190 Extra"]
[Source "ChessBase"]
[SourceDate "2019.07.15"]
[SourceVersion "1"]
[SourceVersionDate "2019.07.15"]
[SourceQuality "1"]

1. e4 e5 2. Nf3 Nc6 3. Bb5 a6 4. Ba4 Nf6 5. Qe2 b5 6. Bb3 Be7 7. 0-0 d6 8. a4 Bg4 9. c3 0-0 10. d3 Na5 11. Bc2 c5 12. Nbd2 b4 13. Rd1 Qc7 14. Nf1 Be6 15. Bg5 h6 16. Bxf6 Bxf6 17. Ne3 Rfb8 18. Rdb1 bxc3 19. bxc3 Rxb1+ 20. Rxb1 Rb8 21. Qe1 Rxb1 22. Qxb1 Qb7 23. Qxb7 Nxb7 24. Kf1 Bg5 25. Ke2 Bxe3 26. Kxe3 f6 27. d4 Bd7 28. Nd2 Kf7 29. Nc4 Be6 30. d5 Bd7 31. Nb6 Ke7 32. Bd3 c4 33. Bxc4 Nc5 34. a5 Kd8 35. f3 Kc7 36. Kf2 Bb5 37. Be2 Nb3 38. Nc4 Bxc4 39. Bxc4 Nxa5 40. Bxa6 Kd7 41. h4 h5 42. Ke3 Nb3 43. Bb5+ Ke7 44. Kd3 Nc5+ 45. Kc4 g5 46. Kb4 gxh4 47. Be2 Kd7 48. Bb5+ Ke7 49. Be2 Kd7 50. Bb5+ 1/2-1/2

[Event "BLR-ch"]
[Site "Minsk"]
[Date "2019.06.05"]
[Round "7"]
[White "Meribanov, Vitaly"]
[Black "Aleksandrov, Aleksej"]
[Result "1/2-1/2"]
[WhiteElo "2405"]
[BlackElo "2603"]
[PlyCount "107"]
[EventDate "2019.05.30"]
[EventType "tourn"]
[EventRounds "9"]
[EventCountry "BLR"]
[EventCategory "8"]
[SourceTitle "CBM 190 Extra"]
[Source "ChessBase"]
[SourceDate "2019.07.15"]
[SourceVersion "1"]
[SourceVersionDate "2019.07.15"]
[SourceQuality "1"]

1. e4 e5 2. Nf3 Nc6 3. Bb5 Nf6 4. 0-0 Nxe4 5. d4 Nd6 6. Bxc6 dxc6 7. dxe5 Nf5 8. Qxd8+ Kxd8 9. Nc3 Bd7 10. h3 Kc8 11. b3 b6 12. Bb2 h5 13. Rad1 a5 14. a4 Be7 15. Ne4 h4 16. Neg5 Be8 17. Rfe1 Rh5 18. Bc1 Kb7 19. Ne4 c5 20. c4 Bc6 21. Bb2 Rd8 22. Rxd8 Bxd8 23. Rd1 Kc8 24. Ned2 Ne7 25. Re1 Ng6 26. Re3 Be7 27. Ne4 Nf4 28. Kh2 Rh8 29. Bc3 Rd8 30. Nfd2 Rd3 31. Rxd3 Nxd3 32. g3 Kd7 33. f4 Ke6 34. Ba1 Kf5 35. Nc3 hxg3+ 36. Kxg3 Nxf4 37. Nf3 g5 38. Nb5 Bd8 39. Nfd4+ cxd4 40. Nxd4+ Kg6 41. Nxc6 Ne6 42. Kg4 f5+ 43. exf6 Bxf6 44. Be5 Bxe5 45. Nxe5+ Kf6 46. Nd7+ Ke7 47. Ne5 Kf6 48. Nd7+ Kg6 49. Ne5+ Kg7 50. Kf5 Nd4+ 51. Kxg5 Nxb3 52. Nd7 Nd2 53. c5 bxc5 54. Nxc5 1/2-1/2

[Event "BLR-ch"]
[Site "Minsk"]
[Date "2019.06.04"]
[Round "6"]
[White "Stupak, Kirill"]
[Black "Meribanov, Vitaly"]
[Result "1/2-1/2"]
[WhiteElo "2551"]
[BlackElo "2405"]
[PlyCount "129"]
[EventDate "2019.05.30"]
[EventType "tourn"]
[EventRounds "9"]
[EventCountry "BLR"]
[EventCategory "8"]
[SourceTitle "CBM 190 Extra"]
[Source "ChessBase"]
[SourceDate "2019.07.15"]
[SourceVersion "1"]
[SourceVersionDate "2019.07.15"]
[SourceQuality "1"]

1. d4 Nf6 2. c4 e6 3. g3 c5 4. d5 exd5 5. cxd5 d6 6. Nc3 g6 7. Bg2 Bg7 8. Nf3 0-0 9. 0-0 Re8 10. Bf4 Na6 11. Re1 Bf5 12. Nd2 Nh5 13. e4 Nxf4 14. gxf4 Bc8 15. Nc4 Bxc3 16. bxc3 b5 17. Nd2 Rb8 18. e5 Bf5 19. Nf1 c4 20. Ne3 Bd3 21. Ng4 Kg7 22. Qf3 b4 23. Qh3 h5 24. Nf6 Rh8 25. Bf1 Nc5 26. cxb4 Rxb4 27. Qg3 Bxf1 28. Kxf1 Nd3 29. Re3 Nxf4 30. Qxf4 dxe5 31. Qxe5 Qxf6 32. Qxf6+ Kxf6 33. Rae1 Rb7 34. Rf3+ Kg7 35. Re4 Rc8 36. Rc3 Rd7 37. Rexc4 Rxc4 38. Rxc4 Rxd5 39. Ke2 Ra5 40. a4 g5 41. Kf3 Kg6 42. h3 f6 43. Rd4 Rf5+ 44. Ke3 Rc5 45. Kf3 Kf5 46. Rd7 Ra5 47. Rd4 Ke6 48. Kg3 Ke5 49. Rb4 f5 50. f4+ gxf4+ 51. Rxf4 Rd5 52. Rh4 Rd3+ 53. Kg2 Rd4 54. Rxh5 Rxa4 55. Rh8 a5 56. h4 Ra2+ 57. Kf3 Ra3+ 58. Ke2 a4 59. h5 Rh3 60. Ra8 a3 61. Kf2 Kf4 62. h6 a2 63. Ra4+ Kg5 64. Kg2 Rxh6 65. Rxa2 1/2-1/2

[Event "BLR-ch"]
[Site "Minsk"]
[Date "2019.06.01"]
[Round "3"]
[White "Meribanov, Vitaly"]
[Black "Nikitenko, Mihail"]
[Result "1/2-1/2"]
[WhiteElo "2405"]
[BlackElo "2417"]
[PlyCount "134"]
[EventDate "2019.05.30"]
[EventType "tourn"]
[EventRounds "9"]
[EventCountry "BLR"]
[EventCategory "8"]
[SourceTitle "CBM 190 Extra"]
[Source "ChessBase"]
[SourceDate "2019.07.15"]
[SourceVersion "1"]
[SourceVersionDate "2019.07.15"]
[SourceQuality "1"]

1. e4 e6 2. d4 d5 3. Nc3 dxe4 4. Nxe4 Nd7 5. Nf3 Ngf6 6. Nxf6+ Nxf6 7. Be3 Nd5 8. Bd2 c5 9. c4 Nf6 10. dxc5 Ne4 11. Bb4 Qc7 12. Be2 a5 13. Ba3 Nxc5 14. Qd4 f6 15. 0-0 Be7 16. Qg4 0-0 17. Nd4 f5 18. Qh5 Bd7 19. Rfe1 Rae8 20. Rad1 e5 21. Nb5 Bxb5 22. cxb5 Ne4 23. Bxe7 Rxe7 24. Bf3 Nc5 25. Bd5+ Kh8 26. Bc4 e4 27. b3 Nd7 28. Qg5 Ne5 29. b6 Qc5 30. Rd5 Qb4 31. Red1 h6 32. Qf4 Nxc4 33. bxc4 Qxc4 34. Rxf5 Ref7 35. Rxf7 Rxf7 36. Qd2 a4 37. g3 Rf3 38. Rc1 Qe6 39. Qd8+ Kh7 40. Qd4 a3 41. Rc7 Rf7 42. Rxf7 Qxf7 43. Qxe4+ Kh8 44. Kg2 Qxa2 45. Qxb7 Qb1 46. Qa8+ Kh7 47. Qxa3 Qxb6 48. Qd3+ Kh8 49. Qd5 Qb8 50. Qe4 Qd8 51. h4 Qb8 52. Qf5 Qa8+ 53. Kh3 Qa7 54. f3 Qa6 55. Qe4 Qc8+ 56. g4 Qd8 57. Qe5 Qd7 58. Kg3 Qa7 59. Qe8+ Kh7 60. Qe4+ Kh8 61. g5 hxg5 62. hxg5 Qg1+ 63. Kf4 Qc1+ 64. Kg4 Qc8+ 65. Qf5 Qc4+ 66. Kh5 g6+ 67. Kxg6 Qf7+ 1/2-1/2

[Event "BLR-ch"]
[Site "Minsk"]
[Date "2019.05.31"]
[Round "2"]
[White "Zhigalko, Sergei"]
[Black "Meribanov, Vitaly"]
[Result "1/2-1/2"]
[WhiteElo "2594"]
[BlackElo "2405"]
[PlyCount "63"]
[EventDate "2019.05.30"]
[EventType "tourn"]
[EventRounds "9"]
[EventCountry "BLR"]
[EventCategory "8"]
[SourceTitle "CBM 190 Extra"]
[Source "ChessBase"]
[SourceDate "2019.07.15"]
[SourceVersion "1"]
[SourceVersionDate "2019.07.15"]
[SourceQuality "1"]

1. e4 c5 2. Nf3 e6 3. c3 Nf6 4. e5 Nd5 5. d4 cxd4 6. cxd4 d6 7. Bc4 Be7 8. 0-0 0-0 9. Re1 Nc6 10. exd6 Qxd6 11. Nc3 Nf6 12. a3 b6 13. Ba2 Bb7 14. Be3 Rac8 15. Qe2 Qb8 16. Rad1 Na5 17. Bg5 Bxf3 18. Qxf3 Nd5 19. Bxe7 Nxe7 20. d5 Nxd5 21. Bxd5 exd5 22. Nxd5 Nc6 23. Qg4 Kh8 24. Qf5 f6 25. h4 Rce8 26. Rxe8 Qxe8 27. Nf4 Qe5 28. Qxe5 Nxe5 29. Rc1 Kg8 30. f3 Rd8 31. Rc7 Rd7 32. Rxd7 1/2-1/2

[Event "BLR-ch 84th"]
[Site "Minsk"]
[Date "2018.01.24"]
[Round "7"]
[White "Meribanov, Vitaly"]
[Black "Zhigalko, Andrey"]
[Result "0-1"]
[WhiteElo "2396"]
[BlackElo "2578"]
[PlyCount "84"]
[EventDate "2018.01.18"]
[EventType "tourn"]
[EventRounds "11"]
[EventCountry "BLR"]
[EventCategory "10"]
[SourceTitle "CBM 182 Extra"]
[Source "ChessBase"]
[SourceDate "2018.02.23"]
[SourceVersion "1"]
[SourceVersionDate "2018.02.23"]
[SourceQuality "1"]

1. e4 c5 2. Nf3 d6 3. Nc3 Nf6 4. d4 cxd4 5. Nxd4 a6 6. Bc4 e6 7. 0-0 Be7 8. Qf3 0-0 9. Qg3 b5 10. Bd3 Bb7 11. Bh6 Ne8 12. a4 b4 13. Na2 Nd7 14. Be3 a5 15. f3 Ne5 16. f4 Nd7 17. e5 Bh4 18. Qh3 dxe5 19. fxe5 Nxe5 20. Nxe6 fxe6 21. Bxh7+ Kxh7 22. Rxf8 Ng6 23. Rf7 Qd5 24. Raf1 Ba6 25. g3 Bxf1 26. Rxf1 Rc8 27. Nc1 Rxc2 28. gxh4 Rxb2 29. Qg4 Nf6 30. Qg5 Qe4 31. Rf2 Nxh4 32. Qg3 Rxf2 33. Bxf2 Nf3+ 34. Kg2 Nd2+ 35. Kg1 b3 36. Qh3+ Kg8 37. Qc3 Nf3+ 38. Kf1 Nxh2+ 39. Kg1 Nf3+ 40. Kf1 Ng4 41. Nxb3 Ngh2+ 42. Kg2 Ne1+ 0-1

[Event "Chigorin Memorial 25th"]
[Site "St Petersburg"]
[Date "2017.10.28"]
[Round "8"]
[White "Steinberg, Nitzan"]
[Black "Meribanov, Vitaly"]
[Result "1-0"]
[WhiteElo "2524"]
[BlackElo "2386"]
[PlyCount "49"]
[EventDate "2017.10.21"]
[EventType "swiss"]
[EventRounds "9"]
[EventCountry "RUS"]
[SourceTitle "CBM 181 Extra"]
[Source "ChessBase"]
[SourceDate "2017.12.12"]
[SourceVersion "1"]
[SourceVersionDate "2017.12.12"]
[SourceQuality "1"]

1. e4 c5 2. Nf3 e6 3. d4 cxd4 4. Nxd4 Nc6 5. Nc3 Nf6 6. a3 Be7 7. f4 d6 8. Be2 0-0 9. 0-0 e5 10. Nb3 a5 11. f5 a4 12. Nd2 d5 13. Nxd5 Nxd5 14. exd5 Qxd5 15. Bd3 Rd8 16. Kh1 b5 17. Qh5 Bb7 18. f6 g6 19. Qh4 Bf8 20. Ne4 Nd4 21. Bh6 Kh8 22. Rae1 Qc6 23. Bxf8 Rxf8 24. Qh6 Ne6 25. Rf3 1-0

[Event "Chigorin Memorial 25th"]
[Site "St Petersburg"]
[Date "2017.10.26"]
[Round "6"]
[White "Paravyan, David"]
[Black "Meribanov, Vitaly"]
[Result "1-0"]
[WhiteElo "2548"]
[BlackElo "2386"]
[PlyCount "83"]
[EventDate "2017.10.21"]
[EventType "swiss"]
[EventRounds "9"]
[EventCountry "RUS"]
[SourceTitle "CBM 181 Extra"]
[Source "ChessBase"]
[SourceDate "2017.12.12"]
[SourceVersion "1"]
[SourceVersionDate "2017.12.12"]
[SourceQuality "1"]

1. e4 c5 2. Nf3 Nc6 3. Nc3 Nf6 4. Bb5 Qc7 5. 0-0 Nd4 6. Re1 a6 7. Bf1 Ng4 8. g3 Nxf3+ 9. Qxf3 Ne5 10. Qe3 e6 11. b3 Be7 12. f4 Nc6 13. Nd5 exd5 14. exd5 0-0 15. Bb2 Bd6 16. dxc6 dxc6 17. Bd3 b5 18. Be5 Bxe5 19. Qxe5 Qa7 20. Re3 Bd7 21. Rae1 Rae8 22. Qg5 h6 23. Qh5 Rxe3 24. Rxe3 Re8 25. Kf2 Kf8 26. c4 Rxe3 27. dxe3 Be8 28. g4 f6 29. Qf5 Qe7 30. h3 Qd6 31. Ke2 a5 32. Qc8 Kf7 33. Qa8 Qc7 34. cxb5 cxb5 35. Bg6+ Kxg6 36. Qxe8+ Kh7 37. Qxb5 h5 38. gxh5 Qc8 39. Qxa5 c4 40. Qc3 Qxh3 41. Qxc4 Qxh5+ 42. Kd2 1-0

[Event "BLR-chT"]
[Site "Minsk"]
[Date "2017.05.14"]
[Round "7.1"]
[White "Meribanov, Vitaly"]
[Black "Siniauski, Artsiom"]
[Result "1-0"]
[WhiteElo "2385"]
[BlackElo "1972"]
[PlyCount "159"]
[EventDate "2017.05.08"]
[EventType "team-swiss"]
[EventRounds "7"]
[EventCountry "BLR"]
[SourceTitle "CBM 178 Extra"]
[Source "ChessBase"]
[SourceDate "2017.06.22"]
[SourceVersion "1"]
[SourceVersionDate "2017.06.22"]
[SourceQuality "1"]
[WhiteTeam "Minsk Grand"]
[BlackTeam "Perspective"]
[WhiteTeamCountry "BLR"]
[BlackTeamCountry "BLR"]

1. e4 d6 2. d4 Nf6 3. Nc3 Nbd7 4. Nf3 e5 5. Bc4 Be7 6. 0-0 c6 7. a4 Qc7 8. Ba2 h6 9. Qe2 0-0 10. dxe5 Nxe5 11. h3 Re8 12. Bf4 Bf8 13. Rad1 Qb6 14. Bb3 Be6 15. Nxe5 Bxb3 16. Be3 Qc7 17. Ng4 Nxg4 18. Qxg4 Bxc2 19. Rc1 Bb3 20. Bxh6 Qc8 21. Qg3 Qe6 22. Bf4 d5 23. exd5 Bxd5 24. Nxd5 Qxd5 25. Rfd1 Qa2 26. b3 Re2 27. Rd7 b6 28. Qf3 Rae8 29. Bg5 Be7 30. Bxe7 R2xe7 31. Rxe7 Rxe7 32. Rxc6 Qa1+ 33. Kh2 Qe5+ 34. g3 Rc7 35. Kg2 Rxc6 36. Qxc6 Qe7 37. h4 g6 38. Qd5 Kh7 39. b4 Qc7 40. h5 gxh5 41. Qxh5+ Kg7 42. Qg5+ Kf8 43. Qd5 Kg7 44. a5 bxa5 45. bxa5 Kf8 46. f4 Kg8 47. Kh3 Kf8 48. Kh4 Qe7+ 49. Kh3 Qc7 50. Qe5 Qb7 51. Kg4 Qd7+ 52. Kg5 Qh3 53. f5 Qh2 54. Qb8+ Kg7 55. f6+ Kh7 56. Qb1+ Kg8 57. Qe1 Qa2 58. Qe8+ Kh7 59. Qe4+ Kg8 60. Qg4 Kh8 61. Qh4+ Kg8 62. Kh6 Kh8 63. Kg5+ Kg8 64. Qg4 Kh8 65. Qc8+ Kh7 66. Qh3+ Kg8 67. Kh4 Qc2 68. Qg4+ Kf8 69. Qg7+ Ke8 70. Qg8+ Kd7 71. Qxf7+ Kc6 72. Qe6+ Kb5 73. f7 Qh7+ 74. Kg5 Qg7+ 75. Qg6 Qf8 76. Qf5+ Kc4 77. Qe6+ Kd4 78. Kg6 Kc5 79. Kh7 Kb4 80. Qe8 1-0

[Event "Minsk Bronstein Memorial op"]
[Site "Minsk"]
[Date "2017.02.18"]
[Round "1"]
[White "Meribanov, Vitaly"]
[Black "Khodas, Vikentsi"]
[Result "1-0"]
[WhiteElo "2385"]
[BlackElo "1908"]
[PlyCount "109"]
[EventDate "2017.02.18"]
[EventType "swiss (rapid)"]
[EventRounds "10"]
[EventCountry "BLR"]
[SourceTitle "EXT 2018"]
[Source "ChessBase"]
[SourceDate "2017.10.13"]
[SourceVersion "1"]
[SourceVersionDate "2017.10.13"]
[SourceQuality "1"]

1. e4 e5 2. Nf3 Nc6 3. Bb5 a6 4. Ba4 Nf6 5. 0-0 Be7 6. d3 b5 7. Bb3 d6 8. a3 0-0 9. Nc3 Na5 10. Ba2 c5 11. h3 Qc7 12. Bg5 Nc6 13. Bxf6 Bxf6 14. Nd5 Qd8 15. c3 g6 16. b4 Bg7 17. a4 Be6 18. bxc5 dxc5 19. Rb1 b4 20. cxb4 cxb4 21. Nxb4 Nxb4 22. Bxe6 a5 23. Bc4 Rc8 24. Qb3 Qe7 25. Ne1 Bh6 26. Nc2 Bd2 27. Ne3 Bxe3 28. fxe3 Kg7 29. Rf3 f6 30. h4 h5 31. Rbf1 Rc6 32. Rg3 Rd6 33. Qd1 Kh6 34. Qe2 Rfd8 35. Qf2 Nxd3 36. Bxd3 Rxd3 37. Qxf6 Qxf6 38. Rxf6 Rg8 39. Ra6 Rc3 40. Rxa5 Rc4 41. Rxe5 Rxa4 42. Re6 Rg7 43. Rf3 Ra2 44. Kh2 Re2 45. e5 Rb2 46. Re8 Rb4 47. Rf4 Rb3 48. Re4 Kh7 49. e6 Rbb7 50. e7 Rf7 51. Rh8+ Kxh8 52. e8Q+ Kg7 53. Re6 Rbc7 54. Rb6 Rce7 55. Qc6 1-0

[Event "Minsk Bronstein Memorial op"]
[Site "Minsk"]
[Date "2017.02.18"]
[Round "1"]
[White "Meribanov, Vitaly"]
[Black "Khodas, Vikentsi"]
[Result "1-0"]
[WhiteElo "2385"]
[BlackElo "1908"]
[PlyCount "89"]
[EventDate "2017.02.18"]
[EventType "swiss (rapid)"]
[EventRounds "10"]
[EventCountry "BLR"]
[SourceTitle "EXT 2018"]
[Source "ChessBase"]
[SourceDate "2017.10.13"]
[SourceVersion "1"]
[SourceVersionDate "2017.10.13"]
[SourceQuality "1"]

1. e4 e5 2. Nf3 Nc6 3. Bc4 Nf6 4. d4 exd4 5. e5 d5 6. Bb5 Ne4 7. Nxd4 Bc5 8. Be3 Bd7 9. Bxc6 bxc6 10. 0-0 0-0 11. Nd2 Qe7 12. f4 Bxd4 13. Bxd4 c5 14. Nxe4 cxd4 15. Ng3 Qc5 16. Kh1 f6 17. exf6 Rxf6 18. Qd2 Rb8 19. b3 Re8 20. Rad1 Bb5 21. Rf2 Rfe6 22. h3 Re3 23. Nf5 R3e4 24. Nxd4 Bd7 25. Nf3 Rxf4 26. Qxd5+ Qxd5 27. Rxd5 Bc6 28. Rc5 Rf6 29. Kh2 Bxf3 30. Rxf3 Rxf3 31. gxf3 Re7 32. Kg3 Kf7 33. Rc6 Rd7 34. Ra6 Rd2 35. c4 Ke7 36. Rxa7 Kd6 37. b4 Rb2 38. c5+ Kc6 39. a3 Rb3 40. Kg4 Kd7 41. h4 Kc6 42. h5 Kd7 43. f4 Kc6 44. Ra8 Kd7 45. Rg8 1-0